Special report: regeneration south-east (Record no. 74550)
[ view plain ]
| 000 -LEADER | |
|---|---|
| fixed length control field | 01002cab a2200229 4500 |
| 001 - CONTROL NUMBER | |
| control field | ABS68284 |
| 008 - FIXED-LENGTH DATA ELEMENTS--GENERAL INFORMATION | |
| fixed length control field | 040929n2004 000 0 eng u |
| 035 ## - SYSTEM CONTROL NUMBER | |
| System control number | (Sirsi) u127562 |
| 245 ## - TITLE STATEMENT | |
| Title | Special report: regeneration south-east |
| 260 ## - PUBLICATION, DISTRIBUTION, ETC. | |
| Date of publication, distribution, etc. | 2004 |
| 490 ## - SERIES STATEMENT | |
| Series statement | Property Week |
| Volume/sequential designation | 69(39) 24 September 2004, 57-64(7) |
| 520 ## - SUMMARY, ETC. | |
| Summary, etc. | The first of two articles, "Property's sparring partner", discusses the relationship between developers and English Partnerships. English Partnerships is accused of gazumping developers as it seeks enough development land to implement government housing growth in southeast England. "According to plan" looks at a number of developments created by the Communities Plan. |
| 590 ## - LOCAL NOTE (RLIN) | |
| Local note | ABS |
| 650 ## - SUBJECT ADDED ENTRY--TOPICAL TERM | |
| Topical term or geographic name entry element | SOUTHEAST ENGLAND |
| 650 ## - SUBJECT ADDED ENTRY--TOPICAL TERM | |
| Topical term or geographic name entry element | PROPERTY DEVELOPERS |
| 650 ## - SUBJECT ADDED ENTRY--TOPICAL TERM | |
| Topical term or geographic name entry element | DEVELOPMENT LAND |
| 650 ## - SUBJECT ADDED ENTRY--TOPICAL TERM | |
| Topical term or geographic name entry element | SUSTAINABLE COMMUNITIES: BUILDING FOR THE FUTURE |
| 650 ## - SUBJECT ADDED ENTRY--TOPICAL TERM | |
| Topical term or geographic name entry element | HOUSING DEVELOPMENTS |
| 650 ## - SUBJECT ADDED ENTRY--TOPICAL TERM | |
| Topical term or geographic name entry element | SUSTAINABLE DEVELOPMENT |
| 690 ## - LOCAL SUBJECT ADDED ENTRY--TOPICAL TERM (OCLC, RLIN) | |
| Topical term or geographic name as entry element | REGENERATION |
| 942 ## - ADDED ENTRY ELEMENTS (KOHA) | |
| Suppress in OPAC | 0 |
| Withdrawn status | Lost status | Source of classification or shelving scheme | Damaged status | Not for loan | Home library | Current library | Shelving location | Date acquired | Total Checkouts | Full call number | Barcode | Date last seen | Copy number | Price effective from | Koha item type |
|---|---|---|---|---|---|---|---|---|---|---|---|---|---|---|---|
| Dewey Decimal Classification | London | London | Journal article | 29/09/2004 | ABS68284 | 127562-1001 | 06/08/2019 | 1 | 06/08/2019 | Journal article |